USA...or USSR? - Statistics

General Stats
  • This quiz has been taken 236 times
    203 since last reset
  • The average score is 6 of 12
Answer Stats
Question Answer % Correct
Which country invaded Afghanistan in 1979? USSR
78%
Which country's troops won the Battle of Bautzen in WW2? USSR
72%
Which country had a larger population in 1991? USSR
67%
Which country was the first to legalize abortion? USSR
67%
Which country's Olympic Association received no government funding? USA
56%
Which country sent the first artificial probe to Venus in 1970? USSR
56%
Which country declared war on Japan in WW2? Both
50%
Which country was Namibia supported by during its War for Independence? USSR
50%
Which country had the higher number of people living in urban areas in 1989? USSR
39%
Which country performed a higher number of nuclear weapons tests throughout the Cold War? USA
33%
Which country had the larger number of nuclear warheads in 1975? USA
33%
Which country won the 1982 FIBA Basketball World Cup, beating the other team by a single point? USSR
22%
No matching quizzes found
Score Distribution
Percent of People with Each Score
Percentile by Number Answered
Your Score History
You have not taken this quiz since the last reset